Brawl Stars Shelly skins Quizer - Statistics

General Stats
  • This quiz has been taken 4 times
  • The average score is 10 of 19
Answer Stats
Picture Answer % Correct
Default
100%
Star
100%
Hoot Hoot
67%
Princess
67%
Sheriff
67%
Squad Buster
67%
True Gold
67%
True Silver
67%
U De Chile
67%
America
33%
Bandita
33%
Boca Juniors
33%
Classic
33%
Dancer
33%
Dancer Dahlia
33%
Dancer Iris
33%
PSG
33%
Stellar
33%
Witch
33%
No matching quizzes found
Score Distribution
Percent of People with Each Score
Percentile by Number Answered
Your Score History
You have not taken this quiz